000 00467nam a2200181Ia 4500
008 230718s9999 xx 000 0 und d
020 _a9788178001519
041 _aeng
082 _a005.13'3
_bPAD
100 _aPadmanabham P.
245 _aC And Data Structures
250 _a3rd ed.
260 _c2008
_bBS Publications
300 _a519
365 _cRs.
_b225.00
700 _aPadmanabham P.
906 _dO:0517230-Jun-2016B:IN 20919-Jun-2016
_cCOMP
_b112.5
999 _c342307
_d342307